[Event "Paracin op-A 18th"]
[Site "Paracin"]
[Date "2025.07.05"]
[Round "3"]
[White "Bibilov, Alan"]
[Black "Ivanovic, Marko"]
[Result "0-1"]
[WhiteElo "1782"]
[BlackElo "2294"]
[PlyCount "84"]
[EventDate "2025.07.04"]
[EventType "swiss"]
[EventRounds "9"]
[EventCountry "SRB"]
[SourceTitle "CB29_2025"]
[SourceDate "2025.07.16"]
[SourceVersion "1"]
[SourceVersionDate "2025.07.16"]
[SourceQuality "1"]

1. e4 d6 2. d4 Nf6 3. Nc3 e5 4. Nf3 Nbd7 5. Bc4 Be7 6. a4 c6 7. 0-0 0-0 8. Bg5 h6 9. Bh4 b6 10. Qd2 a6 11. d5 c5 12. Ne1 Re8 13. Nd3 g5 14. Bg3 Nf8 15. h4 Nh5 16. Bh2 Ng6 17. hxg5 hxg5 18. f3 Nhf4 19. Bxf4 gxf4 20. Kf2 Bh4+ 21. Ke2 Qg5 22. Kd1 Bd7 23. b4 b5 24. axb5 cxb4 25. Nxb4 axb5 26. Ba2 Ra3 27. Rb1 Rxc3 28. Qxc3 Qxg2 29. Qd3 Bh3 30. Re1 Bxe1 31. Kxe1 Nh4 32. Rb3 Qg1+ 33. Kd2 Bf1 34. Qc3 Bc4 35. Ra3 Ng2 36. Nd3 Bxd3 37. cxd3 Qe1+ 38. Kc2 Ne3+ 39. Kb3 Qd1+ 40. Kb2 b4 41. Qxb4 Qc2+ 42. Ka1 Qc1+ 0-1

[Event "Dubrovnik Advent op"]
[Site "Dubrovnik"]
[Date "2024.12.05"]
[Round "1"]
[White "Ivanovic, Marko"]
[Black "Krpan, Antun"]
[Result "1-0"]
[WhiteElo "2297"]
[BlackElo "1790"]
[PlyCount "39"]
[EventDate "2024.12.05"]
[EventType "swiss"]
[EventRounds "7"]
[EventCountry "CRO"]
[SourceTitle "CB50_2024"]
[SourceDate "2024.11.01"]
[SourceVersion "1"]
[SourceVersionDate "2024.11.01"]
[SourceQuality "2"]

1. e4 d5 2. exd5 Nf6 3. d4 Nxd5 4. Nf3 c6 5. Be2 Bf5 6. 0-0 e6 7. c4 Nf6 8. Nc3 Be7 9. h3 Nbd7 10. Bf4 0-0 11. Re1 h6 12. Bf1 Nb6 13. a3 a5 14. Bh2 Re8 15. Qe2 Bf8 16. Rad1 Qc8 17. Ne5 Rd8 18. g4 Bh7 19. h4 Nfd7 20. Nxf7 1-0

[Event "Dubrovnik Advent op"]
[Site "Dubrovnik"]
[Date "2024.12.05"]
[Round "2"]
[White "Kadusic, Jasmin"]
[Black "Ivanovic, Marko"]
[Result "0-1"]
[WhiteElo "1971"]
[BlackElo "2297"]
[PlyCount "38"]
[EventDate "2024.12.05"]
[EventType "swiss"]
[EventRounds "7"]
[EventCountry "CRO"]
[SourceTitle "CB50_2024"]
[SourceDate "2024.11.01"]
[SourceVersion "1"]
[SourceVersionDate "2024.11.01"]
[SourceQuality "2"]

1. d4 Nf6 2. c4 g6 3. Nc3 Bg7 4. e4 d6 5. f3 0-0 6. Be3 e5 7. Nge2 Nbd7 8. Qd2 c6 9. dxe5 dxe5 10. g4 Qe7 11. Ng3 Nc5 12. h4 Ne6 13. Nge2 Rd8 14. Qc2 Nd4 15. Qc1 Nxf3+ 16. Kf2 Bxg4 17. Bg2 Nd4 18. Ng3 Be6 19. b3 Ng4+ 0-1

[Event "Belgrade Trophy 37th"]
[Site "Belgrade"]
[Date "2024.11.27"]
[Round "5"]
[White "Bjelanovic, Mile"]
[Black "Ivanovic, Marko"]
[Result "1-0"]
[WhiteElo "2041"]
[BlackElo "2297"]
[PlyCount "99"]
[EventDate "2024.11.23"]
[EventType "swiss"]
[EventRounds "9"]
[EventCountry "SRB"]
[SourceTitle "CB49_2024"]
[SourceDate "2024.12.04"]
[SourceVersion "1"]
[SourceVersionDate "2024.12.04"]
[SourceQuality "1"]

1. e4 e5 2. Nf3 Nc6 3. Bb5 g6 4. 0-0 Bg7 5. c3 a6 6. Ba4 d6 7. h3 Nf6 8. Re1 0-0 9. d3 Bd7 10. Nbd2 h6 11. Nf1 Re8 12. Ng3 Qe7 13. Be3 b5 14. Bc2 Na5 15. b4 Nb7 16. a4 c5 17. axb5 axb5 18. Qd2 Kh7 19. Bb3 Bc6 20. Qb2 cxb4 21. cxb4 d5 22. Bc2 Rxa1 23. Rxa1 dxe4 24. dxe4 Bf8 25. Ra6 Bd7 26. Bd3 Bg7 27. Rb6 Bc8 28. Bxb5 Nd7 29. Rc6 Nd6 30. Ba4 Rd8 31. Rc7 Qe6 32. Bb3 Qf6 33. Bd5 Nb8 34. Bc5 Bd7 35. Ra7 Be8 36. h4 Nc8 37. Rb7 Nd7 38. h5 Ncb6 39. hxg6+ fxg6 40. Ba2 Na4 41. Qb3 h5 42. Be3 Qf8 43. Ng5+ Kh8 44. Qxa4 Nc5 45. Bxc5 Qf6 46. Qa7 Rd1+ 47. Nf1 Qxg5 48. Be3 Qd8 49. Bc4 Qf6 50. Rb8 1-0

[Event "Belgrade Trophy 37th"]
[Site "Belgrade"]
[Date "2024.11.24"]
[Round "2"]
[White "Ivanovic, Marko"]
[Black "Darmaeva, Nomina"]
[Result "1-0"]
[WhiteElo "2297"]
[BlackElo "1936"]
[PlyCount "117"]
[EventDate "2024.11.23"]
[EventType "swiss"]
[EventRounds "9"]
[EventCountry "SRB"]
[SourceTitle "CB49_2024"]
[SourceDate "2024.12.04"]
[SourceVersion "1"]
[SourceVersionDate "2024.12.04"]
[SourceQuality "1"]

1. Nf3 d5 2. g3 Nd7 3. d4 Nb6 4. b3 Bf5 5. Bb2 Nf6 6. Nbd2 e6 7. Nh4 Bg4 8. h3 Bh5 9. Bg2 Be7 10. g4 Ne4 11. Nxe4 dxe4 12. gxh5 Bxh4 13. Bxe4 Qf6 14. Rf1 Nd5 15. Qd2 Bg5 16. Qd3 0-0-0 17. e3 c6 18. c4 Ne7 19. 0-0-0 Qh6 20. f4 Bh4 21. Bf3 Rhe8 22. Kb1 g6 23. Qc3 Nf5 24. Bc1 Qg7 25. Rd3 gxh5 26. Rfd1 Bf6 27. Bxh5 Ng3 28. Bf3 Nf5 29. Bb2 Rg8 30. a3 Qh8 31. Ka2 Rg3 32. Bg4 Nd6 33. Qe1 Ne4 34. Qe2 h5 35. Bf3 Qh7 36. Bh1 Bg7 37. b4 f5 38. b5 cxb5 39. cxb5 Kb8 40. Bxe4 fxe4 41. Rc3 Bf8 42. Rdc1 Bd6 43. Qc2 Rgg8 44. a4 Qf5 45. Ba3 Bxa3 46. Kxa3 Qd5 47. Rc5 Qd6 48. Kb3 b6 49. Rc6 Qd5+ 50. Kb4 Qd7 51. Qxe4 Rde8 52. Qe5+ Ka8 53. Qxh5 Rg3 54. Qxe8+ Qxe8 55. Rc8+ Qxc8 56. Rxc8+ Kb7 57. Rc3 Rxh3 58. Kc4 Rh5 59. Kd3 1-0

[Event "EU-Cup 39th"]
[Site "Vrnjacka Banja"]
[Date "2024.10.23"]
[Round "4.4"]
[White "Ivanovic, Marko"]
[Black "Bakalchuk, Johnatan"]
[Result "0-1"]
[WhiteElo "2240"]
[BlackElo "2446"]
[PlyCount "92"]
[EventDate "2024.10.20"]
[EventType "team-swiss"]
[EventRounds "7"]
[EventCountry "SRB"]
[SourceTitle "CB44_2024"]
[Source "Chessbase"]
[SourceDate "2024.10.30"]
[SourceVersion "1"]
[SourceVersionDate "2024.10.30"]
[SourceQuality "1"]
[WhiteTeam "Crvena Zvezda"]
[BlackTeam "Ramat Gan Porat Memorial"]
[WhiteTeamCountry "SRB"]
[BlackTeamCountry "ISR"]

1. e4 c5 2. Nf3 g6 3. d4 cxd4 4. Nxd4 Bg7 5. Nc3 Nc6 6. Be3 Nf6 7. Bc4 0-0 8. Bb3 Qa5 9. 0-0 d6 10. h3 Bd7 11. Re1 Rfc8 12. Nf3 Be8 13. Qe2 Nd7 14. Bd2 Nc5 15. Nd5 Qd8 16. Bc3 e6 17. Bxg7 Kxg7 18. Nc3 a6 19. Rad1 Qc7 20. Qe3 b5 21. a3 Rab8 22. h4 b4 23. axb4 Rxb4 24. h5 Qe7 25. Qf4 Rd8 26. Rd2 f6 27. Qg3 a5 28. hxg6 hxg6 29. Nh4 Nxb3 30. cxb3 Rxb3 31. f4 Bf7 32. Re3 Qa7 33. Rf2 Rdb8 34. f5 Ne5 35. fxg6 Bxg6 36. Qf4 Rxb2 37. Qxf6+ Kh7 38. Nf5 Bxf5 39. exf5 Qxe3 40. Qe7+ Kh8 41. Qf6+ Kh7 42. Qe7+ Kh6 43. Qf6+ Kh5 44. g4+ Nxg4 45. Qg6+ Kh4 46. Qh7+ Nh6 0-1

[Event "Belgrade-chT Premier"]
[Site "Belgrade"]
[Date "2024.10.14"]
[Round "6.4"]
[White "Ivanovic, Marko"]
[Black "Biocanin, Goran"]
[Result "1/2-1/2"]
[WhiteElo "2240"]
[BlackElo "2209"]
[PlyCount "91"]
[EventDate "2024.10.09"]
[EventType "team-tourn"]
[EventRounds "11"]
[EventCountry "SRB"]
[SourceTitle "CB44_2024"]
[Source "Chessbase"]
[SourceDate "2024.10.30"]
[SourceVersion "1"]
[SourceVersionDate "2024.10.30"]
[SourceQuality "1"]
[WhiteTeam "Belgrade Crvena Zvezda"]
[BlackTeam "Belgrade CC"]
[WhiteTeamCountry "SRB"]
[BlackTeamCountry "SRB"]

1. e4 g6 2. d4 Bg7 3. Nc3 d6 4. Be3 c6 5. h4 h5 6. Qd2 b5 7. Nh3 Bxh3 8. Rxh3 Nf6 9. f3 Nbd7 10. a4 b4 11. Nd1 a5 12. Nf2 Qc7 13. Be2 Rc8 14. Rd1 Kf8 15. Kf1 c5 16. d5 Nb6 17. Bb5 Nfd7 18. c3 Ne5 19. Qe2 Ned7 20. Bd2 Nf6 21. f4 Nbd7 22. Kg1 Ng8 23. Rf3 Nh6 24. Bc1 Kg8 25. c4 Nf6 26. e5 Nfg4 27. e6 f5 28. Nh3 Nf6 29. Ng5 Nhg4 30. b3 Bh6 31. Bb2 Kg7 32. Rg3 Rhf8 33. Rf1 Kg8 34. Ba1 Bg7 35. Nf7 Ne4 36. Rd3 Bxa1 37. Rxa1 Rxf7 38. exf7+ Kxf7 39. Re1 Qd8 40. Qf3 Ngf6 41. Rde3 Qh8 42. g3 Rd8 43. Kg2 Qg7 44. Bc6 Qh8 45. R3e2 Qg7 46. Bb5 1/2-1/2

[Event "Belgrade-chT Premier"]
[Site "Belgrade"]
[Date "2024.10.13"]
[Round "5.4"]
[White "Drazic, Sinisa"]
[Black "Ivanovic, Marko"]
[Result "0-1"]
[WhiteElo "2256"]
[BlackElo "2240"]
[PlyCount "118"]
[EventDate "2024.10.09"]
[EventType "team-tourn"]
[EventRounds "11"]
[EventCountry "SRB"]
[SourceTitle "CB44_2024"]
[Source "Chessbase"]
[SourceDate "2024.10.30"]
[SourceVersion "1"]
[SourceVersionDate "2024.10.30"]
[SourceQuality "1"]
[WhiteTeam "Belgrade Turbina"]
[BlackTeam "Belgrade Crvena Zvezda"]
[WhiteTeamCountry "SRB"]
[BlackTeamCountry "SRB"]

1. e4 e5 2. Nf3 Nc6 3. Nc3 Nf6 4. Bb5 Bd6 5. d3 h6 6. g4 Nd4 7. Rg1 Nxb5 8. Nxb5 Be7 9. h4 c6 10. Nc3 d5 11. g5 hxg5 12. hxg5 Ng4 13. exd5 cxd5 14. Qe2 d4 15. Nxe5 Nxe5 16. Qxe5 dxc3 17. Qxg7 Rf8 18. bxc3 Qd5 19. Be3 Bf5 20. Qd4 Qc6 21. Kd2 Bd6 22. Qf6 Bg6 23. Rg4 Be7 24. Qe5 Rd8 25. Re1 Rd5 26. Qb8+ Kd7 27. Qxa7 Rc8 28. Qa4 b5 29. Qb3 Bf5 30. Rd4 Rxd4 31. Bxd4 Be6 32. Qb2 Bxg5+ 33. Be3 Bf6 34. d4 Be7 35. a3 Ra8 36. Ra1 Bc4 37. Qc1 Qf3 38. Qd1 Qxd1+ 39. Rxd1 Rxa3 40. Rb1 Kc6 41. Bf4 Ra2 42. Be3 Bd6 43. Bg5 Bd5 44. Kd3 Be6 45. Kd2 Bf5 46. d5+ Kc5 47. Be3+ Kc4 48. Bd4 Rxc2+ 49. Ke3 Rxc3+ 50. Bxc3 Bxb1 51. Bf6 Kxd5 52. f3 b4 53. Bg7 Be5 54. Bf8 b3 55. Kd2 Kc4 56. Ba3 Bf4+ 57. Ke2 Bd3+ 58. Kd1 Kc3 59. Ke1 Kc2 0-1

[Event "SRB-chT Premier"]
[Site "Bajina Basta"]
[Date "2024.09.29"]
[Round "3.6"]
[White "Miljkovic, Miroslav D"]
[Black "Ivanovic, Marko"]
[Result "1/2-1/2"]
[WhiteElo "2420"]
[BlackElo "2240"]
[PlyCount "33"]
[EventDate "2024.09.27"]
[EventType "team-tourn"]
[EventRounds "11"]
[EventCountry "SRB"]
[SourceTitle "EXT 2025"]
[Source "ChessBase"]
[SourceDate "2024.10.14"]
[SourceVersion "1"]
[SourceVersionDate "2024.10.14"]
[SourceQuality "1"]
[WhiteTeam "Ruma Sloven"]
[BlackTeam "Kac Jugovic"]
[WhiteTeamCountry "SRB"]
[BlackTeamCountry "SRB"]

1. e4 e5 2. Nf3 Nc6 3. Nc3 Nf6 4. Bb5 Bd6 5. 0-0 0-0 6. d3 h6 7. h3 Re8 8. Be3 Ne7 9. d4 Ng6 10. Re1 a6 11. Bd3 b5 12. dxe5 Nxe5 13. Bd4 Nc6 14. Bxf6 Qxf6 15. a4 b4 16. Nd5 Qd8 17. Ne3 1/2-1/2

[Event "SRB-chT Premier"]
[Site "Bajina Basta"]
[Date "2024.09.28"]
[Round "2.6"]
[White "Ivanovic, Marko"]
[Black "Pezelj, Novak"]
[Result "1/2-1/2"]
[WhiteElo "2240"]
[BlackElo "2460"]
[PlyCount "81"]
[EventDate "2024.09.27"]
[EventType "team-tourn"]
[EventRounds "11"]
[EventCountry "SRB"]
[SourceTitle "EXT 2025"]
[Source "ChessBase"]
[SourceDate "2024.10.14"]
[SourceVersion "1"]
[SourceVersionDate "2024.10.14"]
[SourceQuality "1"]
[WhiteTeam "Kac Jugovic"]
[BlackTeam "Goracici Jelica"]
[WhiteTeamCountry "SRB"]
[BlackTeamCountry "SRB"]

1. e4 e5 2. Nf3 Nc6 3. Bb5 a6 4. Ba4 Nf6 5. 0-0 Be7 6. Re1 b5 7. Bb3 0-0 8. d3 Bb7 9. Nbd2 Re8 10. Nf1 Bf8 11. Bg5 Na5 12. d4 Nxb3 13. axb3 d6 14. dxe5 dxe5 15. Qxd8 Raxd8 16. Bxf6 gxf6 17. Ng3 Bc5 18. Rad1 Kf8 19. h3 Rd6 20. Rxd6 cxd6 21. Nh2 d5 22. exd5 Bxd5 23. Ng4 Be7 24. Nh5 Rc8 25. Ngxf6 Be6 26. c3 Bxf6 27. Nxf6 Ke7 28. Ne4 Bxb3 29. Nd2 Be6 30. Rxe5 b4 31. Ne4 bxc3 32. Nxc3 Kf6 33. f4 Rc4 34. Ne4+ Kg7 35. Ng5 Bc8 36. Re4 Rc7 37. Re2 Bb7 38. Kf2 h6 39. Nf3 Rc4 40. g3 Rb4 41. Ne5 1/2-1/2

[Event "Novi Banovci op"]
[Site "Novi Banovci"]
[Date "2024.08.06"]
[Round "7"]
[White "Ivanovic, Marko"]
[Black "Dimitrov, Radoslav"]
[Result "0-1"]
[WhiteElo "2239"]
[BlackElo "2481"]
[PlyCount "58"]
[EventDate "2024.08.02"]
[EventType "swiss"]
[EventRounds "9"]
[EventCountry "SRB"]
[SourceTitle "CBM 221 Extra"]
[Source "ChessBase"]
[SourceDate "2024.09.30"]
[SourceVersion "1"]
[SourceVersionDate "2024.09.30"]
[SourceQuality "1"]

1. e4 c6 2. d4 d5 3. e5 c5 4. dxc5 e6 5. a3 Bxc5 6. Nf3 Nd7 7. Bd3 f6 8. exf6 Ngxf6 9. 0-0 e5 10. Bb5 e4 11. b4 Bd6 12. Nd4 a6 13. Ba4 b5 14. Bb3 Nb6 15. Bg5 0-0 16. Qd2 h6 17. Bh4 Bxh2+ 18. Kh1 Be5 19. Nc3 Nc4 20. Bxc4 dxc4 21. Rad1 Qe8 22. f4 Bxd4 23. Qxd4 Qh5 24. g3 Bh3 25. Rf2 e3 26. Rh2 Qf3+ 27. Kg1 Rad8 28. Qxd8 Rxd8 29. Rxd8+ Kh7 0-1

[Event "Novi Banovci op"]
[Site "Novi Banovci"]
[Date "2024.08.05"]
[Round "6"]
[White "Anand, Batsukh"]
[Black "Ivanovic, Marko"]
[Result "1/2-1/2"]
[WhiteElo "2280"]
[BlackElo "2239"]
[PlyCount "74"]
[EventDate "2024.08.02"]
[EventType "swiss"]
[EventRounds "9"]
[EventCountry "SRB"]
[SourceTitle "CBM 221 Extra"]
[Source "ChessBase"]
[SourceDate "2024.09.30"]
[SourceVersion "1"]
[SourceVersionDate "2024.09.30"]
[SourceQuality "1"]

1. Nf3 Nf6 2. g3 d5 3. Bg2 e6 4. c4 Nc6 5. 0-0 dxc4 6. Qa4 Nd7 7. Qxc4 e5 8. a3 Be7 9. d3 0-0 10. Qc2 Nd4 11. Nxd4 exd4 12. b4 c6 13. Bb2 Nb6 14. Nd2 Bf6 15. Ne4 Be7 16. Nc5 Bf6 17. Rfe1 a5 18. bxa5 Rxa5 19. a4 Re8 20. Ba3 Nd5 21. Qb3 b6 22. Ne4 Be5 23. Rac1 Bb7 24. Bb2 Qd7 25. f4 Bc7 26. Bxd4 Nxf4 27. Bxb6 Nxg2 28. Bxa5 Bxa5 29. Kxg2 Bxe1 30. Rxe1 c5 31. Kg1 Bxe4 32. dxe4 Qd4+ 33. e3 Qxe4 34. a5 h5 35. a6 c4 36. Qb5 h4 37. a7 c3 1/2-1/2

[Event "Novi Banovci op"]
[Site "Novi Banovci"]
[Date "2024.08.04"]
[Round "4"]
[White "Zivkovic, Vladisa"]
[Black "Ivanovic, Marko"]
[Result "1/2-1/2"]
[WhiteElo "2022"]
[BlackElo "2239"]
[PlyCount "83"]
[EventDate "2024.08.02"]
[EventType "swiss"]
[EventRounds "9"]
[EventCountry "SRB"]
[SourceTitle "CBM 221 Extra"]
[Source "ChessBase"]
[SourceDate "2024.09.30"]
[SourceVersion "1"]
[SourceVersionDate "2024.09.30"]
[SourceQuality "1"]

1. Nf3 Nf6 2. c4 c6 3. b3 d5 4. Bb2 Bf5 5. d3 e6 6. g3 h6 7. Bg2 Be7 8. 0-0 0-0 9. Nbd2 a5 10. a3 Nbd7 11. Ne1 Bh7 12. Nc2 Qb6 13. Rb1 c5 14. b4 axb4 15. axb4 cxb4 16. Bxf6 Nxf6 17. Nxb4 Qd6 18. Qb3 Rfd8 19. cxd5 exd5 20. Nf3 Rac8 21. Bh3 Rc5 22. Nc2 Bf8 23. Ncd4 g5 24. Bf5 g4 25. Nh4 Qe5 26. e3 Rc7 27. Qb2 Bg7 28. Nb5 Qxb2 29. Rxb2 Re7 30. Nd4 Ne8 31. Bxh7+ Kxh7 32. Nhf5 Bxd4 33. Nxd4 Kg6 34. Rb6+ Rd6 35. Rfb1 Rxb6 36. Rxb6+ Nf6 37. Kg2 Kg5 38. h3 h5 39. h4+ Kg6 40. Kf1 Rc7 41. Ke2 Kg7 42. Kd2 1/2-1/2

[Event "Belgrade-chT Premier"]
[Site "Belgrade"]
[Date "2023.10.01"]
[Round "5.3"]
[White "Cobic, Vladimir"]
[Black "Ivanovic, Marko"]
[Result "0-1"]
[WhiteElo "2267"]
[BlackElo "2243"]
[PlyCount "126"]
[EventDate "2023.09.29"]
[EventType "team-tourn"]
[EventRounds "11"]
[EventCountry "SRB"]
[SourceTitle "CBM 216 Extra"]
[Source "ChessBase"]
[SourceDate "2023.11.30"]
[SourceVersion "1"]
[SourceVersionDate "2023.11.30"]
[SourceQuality "1"]
[WhiteTeam "Lila Ma Mladenovac"]
[BlackTeam "Belgrade Turbina"]
[WhiteTeamCountry "SRB"]
[BlackTeamCountry "SRB"]

1. e4 e5 2. Nc3 Nf6 3. f4 d5 4. fxe5 Nxe4 5. Qf3 Nxc3 6. dxc3 Be6 7. Qg3 c5 8. Nf3 h6 9. Bb5+ Nd7 10. 0-0 a6 11. Bd3 Qc7 12. Be3 g5 13. Rae1 Bg7 14. h4 g4 15. Bf4 gxf3 16. Qxg7 0-0-0 17. Bh7 fxg2 18. Rf2 Qb6 19. Bc1 h5 20. a3 c4 21. Be3 Qxb2 22. Bd4 Qxa3 23. Rxg2 Kb8 24. Rf1 Rhe8 25. Qg3 Ka8 26. Kh2 Nf8 27. Bf5 Qe7 28. Qg5 Qc7 29. Rg3 Bxf5 30. Qxf5 Ng6 31. Qxf7 Qxf7 32. Rxf7 Nxe5 33. Rf5 Nc6 34. Bb6 Rd7 35. Rxh5 Kb8 36. Rhg5 Kc8 37. Rg8 Rde7 38. Rxe8+ Rxe8 39. Kh3 a5 40. h5 a4 41. Bc5 Kd7 42. h6 Rh8 43. Rg7+ Ke6 44. h7 b6 45. Ba3 Ne5 46. Kg3 Nf7 47. Rg6+ Ke5 48. Rxb6 Rxh7 49. Bc5 Rh6 50. Rb7 Ng5 51. Bd4+ Kf5 52. Ra7 Ne4+ 53. Kg2 Rg6+ 54. Kh2 Kg4 55. Rxa4 Kf3 56. Ra7 Rg2+ 57. Kh3 Rxc2 58. Rf7+ Ke2 59. Kg4 Nxc3 60. Bg7 Ne4 61. Kf4 Rd2 62. Ke5 c3 63. Rc7 Rd3 0-1

[Event "Belgrade-chT Premier"]
[Site "Belgrade"]
[Date "2023.09.29"]
[Round "1.4"]
[White "Popovic, Dragan B"]
[Black "Ivanovic, Marko"]
[Result "1-0"]
[WhiteElo "2286"]
[BlackElo "2243"]
[PlyCount "137"]
[EventDate "2023.09.29"]
[EventType "team-tourn"]
[EventRounds "11"]
[EventCountry "SRB"]
[SourceTitle "CBM 216 Extra"]
[Source "ChessBase"]
[SourceDate "2023.11.30"]
[SourceVersion "1"]
[SourceVersionDate "2023.11.30"]
[SourceQuality "1"]
[WhiteTeam "Belgrade Itaka"]
[BlackTeam "Belgrade Turbina"]
[WhiteTeamCountry "SRB"]
[BlackTeamCountry "SRB"]

1. e4 e5 2. Nf3 Nc6 3. Bb5 g6 4. c3 a6 5. Ba4 d6 6. d4 Bd7 7. 0-0 Bg7 8. Re1 Nge7 9. Be3 0-0 10. Nbd2 h6 11. Nf1 Qe8 12. Bb3 Kh7 13. h3 b6 14. N3h2 Rd8 15. dxe5 dxe5 16. Qe2 Na5 17. Rad1 Nxb3 18. axb3 Be6 19. b4 Qb5 20. Qxb5 axb5 21. Rxd8 Rxd8 22. Ra1 Rd7 23. f3 f5 24. exf5 Nxf5 25. Bf2 h5 26. g4 Nd6 27. Ne3 Bh6 28. Re1 Bb3 29. Nhf1 Bf7 30. Rd1 Be6 31. Ng3 Rf7 32. Kg2 Bb3 33. Re1 h4 34. Ngf1 Bg5 35. Nd2 Be6 36. Nef1 Bf6 37. Bg1 Bd5 38. Bh2 Re7 39. Kf2 Kg7 40. Re2 Kf8 41. Ne3 Bc6 42. Ng2 Bd5 43. Ne1 Nf7 44. Nd3 Bc4 45. Nxc4 bxc4 46. Ne1 Bg5 47. Ng2 b5 48. f4 exf4 49. Nxf4 Bxf4 50. Bxf4 Rd7 51. Re6 g5 52. Be3 Kg7 53. Bd4+ Kh7 54. Kf3 Nd6 55. Re5 Kg6 56. Be3 Nf7 57. Rxb5 Rd1 58. Rc5 Rh1 59. Kg2 Rb1 60. Rc6+ Nd6 61. Rxc7 Rxb2+ 62. Kf3 Nf7 63. Rc6+ Kh7 64. Bd4 Rh2 65. b5 Rxh3+ 66. Kf2 Nh6 67. Rc7+ Kg8 68. b6 Nxg4+ 69. Ke2 1-0

[Event "SRB-chT Premier"]
[Site "Bajina Basta"]
[Date "2023.09.26"]
[Round "9.4"]
[White "Ivanovic, Marko"]
[Black "Titov, Ivan"]
[Result "1-0"]
[WhiteElo "2243"]
[BlackElo "2119"]
[PlyCount "113"]
[EventDate "2023.09.18"]
[EventType "team-tourn"]
[EventRounds "11"]
[EventCountry "SRB"]
[SourceTitle "CBM 216 Extra"]
[Source "ChessBase"]
[SourceDate "2023.11.30"]
[SourceVersion "1"]
[SourceVersionDate "2023.11.30"]
[SourceQuality "1"]
[WhiteTeam "Belgrade Crvena Zvezda"]
[BlackTeam "Petrovaradin Kraljica"]
[WhiteTeamCountry "SRB"]
[BlackTeamCountry "SRB"]

1. e4 e6 2. d4 d5 3. Nc3 Bb4 4. e5 Bf8 5. f4 c5 6. Nf3 Nc6 7. Be3 c4 8. h4 Bd7 9. h5 h6 10. g4 Qa5 11. Bh3 0-0-0 12. 0-0 g6 13. Ne2 gxh5 14. gxh5 Nge7 15. Nh4 Nf5 16. Nxf5 exf5 17. Kh2 Ne7 18. c3 Qa6 19. Qc2 Kb8 20. Ng3 Qe6 21. Rg1 a6 22. b3 Bc8 23. Rab1 Rg8 24. Bd2 Rg7 25. Ne2 Rxg1 26. Rxg1 Qd7 27. Ng3 Ka8 28. Nf1 Qb5 29. Be1 Be6 30. Ne3 cxb3 31. axb3 Rc8 32. Bf1 Qb6 33. Bd3 Kb8 34. Rg2 Nc6 35. Qb1 Nxd4 36. cxd4 Qxd4 37. Nxf5 Qxf4+ 38. Bg3 Qg4 39. Nd6 Rc3 40. Qf1 Qxh5+ 41. Kg1 Bh3 42. e6 Bxg2 43. Kxg2 Ka8 44. Nb5 Rxb3 45. Qc1 axb5 46. Qc8+ Ka7 47. Bf2+ b6 48. Qc7+ Ka8 49. Qc6+ Kb8 50. Qxb6+ Kc8 51. Qc6+ Kb8 52. Qe8+ Kb7 53. Qd7+ Kb8 54. Bg3+ Ka8 55. Qc8+ Ka7 56. Bb8+ Kb6 57. Qc7+ 1-0

[Event "SRB-chT Premier"]
[Site "Bajina Basta"]
[Date "2023.09.22"]
[Round "5.6"]
[White "Lazic, Miroljub"]
[Black "Ivanovic, Marko"]
[Result "0-1"]
[WhiteElo "2298"]
[BlackElo "2243"]
[PlyCount "72"]
[EventDate "2023.09.18"]
[EventType "team-tourn"]
[EventRounds "11"]
[EventCountry "SRB"]
[SourceTitle "CBM 216 Extra"]
[Source "ChessBase"]
[SourceDate "2023.11.30"]
[SourceVersion "1"]
[SourceVersionDate "2023.11.30"]
[SourceQuality "1"]
[WhiteTeam "Ruma Sloven"]
[BlackTeam "Belgrade Crvena Zvezda"]
[WhiteTeamCountry "SRB"]
[BlackTeamCountry "SRB"]

1. e4 e5 2. Nf3 Nc6 3. Bc4 Nf6 4. d3 Bc5 5. c3 d6 6. Bb3 a6 7. Nbd2 h6 8. Nf1 d5 9. exd5 Nxd5 10. Ng3 0-0 11. 0-0 Re8 12. Re1 Be6 13. Nxe5 Bxf2+ 14. Kxf2 Nxe5 15. Kg1 Ng4 16. Qf3 Ngf6 17. Bd2 c6 18. c4 Ne7 19. Bc3 Nh7 20. Bc2 Qd7 21. Qf2 Rad8 22. Ne4 Bf5 23. d4 Bg6 24. Rad1 Ng5 25. Nc5 Qg4 26. Kh1 Bxc2 27. Qxc2 b6 28. Nd3 Ng6 29. Qf2 h5 30. Rxe8+ Rxe8 31. Re1 Rxe1+ 32. Nxe1 h4 33. d5 Qxc4 34. d6 Ne4 35. Qf3 Nxd6 36. b3 Qe4 0-1

[Event "SRB-chT Premier"]
[Site "Bajina Basta"]
[Date "2023.09.20"]
[Round "3.6"]
[White "Ivanovic, Marko"]
[Black "Lukovic, Vladimir"]
[Result "0-1"]
[WhiteElo "2243"]
[BlackElo "2427"]
[PlyCount "52"]
[EventDate "2023.09.18"]
[EventType "team-tourn"]
[EventRounds "11"]
[EventCountry "SRB"]
[SourceTitle "CBM 216 Extra"]
[Source "ChessBase"]
[SourceDate "2023.11.30"]
[SourceVersion "1"]
[SourceVersionDate "2023.11.30"]
[SourceQuality "1"]
[WhiteTeam "Belgrade Crvena Zvezda"]
[BlackTeam "Belgrade Zmaj"]
[WhiteTeamCountry "SRB"]
[BlackTeamCountry "SRB"]

1. d4 d5 2. c4 c6 3. Nf3 Nf6 4. Nc3 g6 5. Bf4 Bg7 6. e3 0-0 7. h3 Qa5 8. Qd2 c5 9. Nxd5 Qxd2+ 10. Kxd2 Nxd5 11. cxd5 cxd4 12. e4 Na6 13. Rc1 Rd8 14. Bxa6 bxa6 15. Ne5 Re8 16. Rc7 f6 17. Nc6 e5 18. Bg3 Bf8 19. Nxa7 a5 20. Nxc8 Raxc8 21. Rxc8 Rxc8 22. Kd3 a4 23. f4 a3 24. Be1 axb2 25. Bd2 Ba3 26. fxe5 fxe5 0-1

[Event "Belgrade Serbia op"]
[Site "Belgrade"]
[Date "2023.07.23"]
[Round "8"]
[White "Srdanovic, Jovana"]
[Black "Ivanovic, Marko"]
[Result "0-1"]
[WhiteElo "2032"]
[BlackElo "2254"]
[PlyCount "72"]
[EventDate "2023.07.16"]
[EventType "swiss"]
[EventRounds "9"]
[EventCountry "SRB"]
[SourceTitle "EXT 2024"]
[Source "ChessBase"]
[SourceDate "2023.10.10"]
[SourceVersion "1"]
[SourceVersionDate "2023.10.10"]
[SourceQuality "1"]

1. d4 f5 2. c4 Nf6 3. g3 g6 4. Bg2 Bg7 5. Nc3 0-0 6. Nf3 d6 7. 0-0 Nc6 8. d5 Na5 9. Nd2 c5 10. a3 Ng4 11. e3 g5 12. Qe2 f4 13. exf4 gxf4 14. Nce4 Ne5 15. f3 Qe8 16. b4 cxb4 17. axb4 Nexc4 18. Nxc4 Nxc4 19. Bxf4 Ne5 20. Be3 Bd7 21. Qd1 Bb5 22. Rf2 Nd3 23. Rd2 Nb2 24. Rxb2 Bxb2 25. Rb1 Bg7 26. Rc1 Rc8 27. Ng5 Bd7 28. g4 Rxc1 29. Qxc1 Qg6 30. Qc7 Qd3 31. Kf2 Bd4 32. Bxd4 Qxd4+ 33. Kg3 Qe5+ 34. Kh4 Qxh2+ 35. Nh3 Qxg2 36. Qxd7 Qxf3 0-1

[Event "Belgrade Serbia op"]
[Site "Belgrade"]
[Date "2023.07.22"]
[Round "7"]
[White "Ivanovic, Marko"]
[Black "Maksimovic, Bojan"]
[Result "0-1"]
[WhiteElo "2254"]
[BlackElo "2482"]
[PlyCount "64"]
[EventDate "2023.07.16"]
[EventType "swiss"]
[EventRounds "9"]
[EventCountry "SRB"]
[SourceTitle "CBM 215 Extra"]
[Source "ChessBase"]
[SourceDate "2023.09.30"]
[SourceVersion "1"]
[SourceVersionDate "2023.09.30"]
[SourceQuality "1"]

1. e4 c5 2. Nf3 e6 3. d4 cxd4 4. Nxd4 a6 5. c4 Nf6 6. Nc3 Qc7 7. a3 b6 8. Be3 Bb7 9. f3 Be7 10. Be2 d6 11. g4 Nc6 12. g5 Nd7 13. 0-0 0-0 14. Nxc6 Bxc6 15. Rc1 Bb7 16. Qd2 f6 17. f4 fxg5 18. Bg4 gxf4 19. Bxe6+ Kh8 20. Bxf4 Nc5 21. Bf5 Nb3 22. Qe2 Nxc1 23. Bxc1 g6 24. Be6 Qc5+ 25. Be3 Rxf1+ 26. Kxf1 Rf8+ 27. Ke1 Qe5 28. Bd5 Bxd5 29. Nxd5 Bh4+ 30. Kd1 Qxe4 31. Nc3 Qf5 32. Bxb6 Bf6 0-1